Nazwij wszystkie gauntlets z geometry dash 2.207 - Statystyki

Ogólne statystyki
  • Ten quiz został rozwiązany 63 razy
    15 od ostatniego zresetowania
  • Średni wynik to 18 z 40
Statystyki odpowiedzi
Nazwa Gauntlet % Poprawnych
Demon Gauntlet
100%
Fire Gauntlet
100%
Lava Gauntlet
100%
Ice Gauntlet
83%
Poison Gauntlet
83%
Space Gauntlet
83%
Doom Gauntlet
67%
Time Gauntlet
67%
Water Gauntlet
67%
Bonus Gauntlet
50%
Chaos Gauntlet
50%
Cosmos Gauntlet
50%
Crystal Gauntlet
50%
Death Gauntlet
50%
Forest Gauntlet
50%
Galaxy Gauntlet
50%
Halloween Gauntlet
50%
Haunted Gauntlet
50%
Monster Gauntlet
50%
NCS I Gauntlet
50%
NCS II Gauntlet
50%
Universe Gauntlet
50%
World Gauntlet
50%
Castle Gauntlet
33%
Cursed Gauntlet
33%
Discord Gauntlet
33%
Force Gauntlet
33%
Magic Gauntlet
33%
Shadow Gauntlet
33%
Spike Gauntlet
33%
Split Gauntlet
33%
Christmas Gauntlet
17%
Cyborg Gauntlet
17%
Inferno Gauntlet
17%
Portal Gauntlet
17%
Strange Gauntlet
17%
Treasure Gauntlet
17%
Fantasy Gauntlet
0%
Mystery Gauntlet
0%
Power Gauntlet
0%
Nie znaleziono quizów pasujących do podanych kryteriów
Rozkład punktacji
Procent ludzi z każdym wynikiem
Percentyl według liczby udzielonych odpowiedzi
Twoja historia wyników
Nie rozwiązałeś tego quizu od ostatniego zresetowania